El misterio del robo en el museo (Record no. 596)
[ view plain ]
| 000 -CABECERA | |
|---|---|
| campo de control de longitud fija | 01381nam a22002894c 4500 |
| 003 - IDENTIFICADOR DE NUMERO DE CONTROL | |
| campo de control | AR-BaSMT |
| 008 - CAMPOS DE LONGITUD FIJA | |
| campo de control de longitud fija | 260310b2017 aga|||br|||| 001 1 spa d |
| 020 ## - ISBN: Indicadores indefinidos | |
| Número ISBN | 9789873854293 |
| 040 ## - FUENTE DE CATALOGACION | |
| Agencia de catalogación original | BSGB |
| Idioma de catalogación | español |
| Agencia que realiza la transcripción | BSGB |
| Convenciones de la descripción | rda |
| 041 0# - CODIGO DE IDIOMA | |
| Código idioma | spa |
| Idioma original | español |
| 080 ## - CDU | |
| CDU completo | 82-312.4 |
| 100 1# - PUNTO DE ACCESO PRINCIPAL | |
| Nombre de persona | Kaufman, Ana María |
| Enlace autoridades | 431 |
| 245 13 - MENCION DE TITULO | |
| Título | El misterio del robo en el museo |
| 250 ## - MENCION DE EDICION | |
| Mención de edición | Primera edición |
| 264 ## - PRODUCCIÓN, PUBLICACIÓN, DISTRIBUCIÓN, ETC. | |
| Lugar de publicación, etc. | Buenos aires : |
| Nombre editor. | Del Naranjo , |
| Fecha | 2017 |
| 300 ## - DESCRIPCION FISICA | |
| Extensión | 62 páginas |
| Otros detalles físicos | Ilustraciones blanco negro |
| 336 ## - TIPO DE CONTENIDO | |
| rdacontent | rdacontent |
| texto | texto |
| txt | txt |
| 337 ## - TIPO DE MEDIO | |
| rdamedia | rdamedia |
| sin mediación | sin mediación |
| n | n |
| 338 ## - TIPO DE SOPORTE | |
| rdacarrier | rdacarrier |
| volumen | volumen |
| nc | nc |
| 490 ## - TÍTULO DE LA SERIE | |
| Título de la serie | Sub20 |
| 520 ## - NOTA DE SUMARIO, RESUMEN, ETC. | |
| Toda la nota | Monte Hundido es un pueblo muy tranquilo, donde la gente vive sin sobresaltos, y hasta allí ha llegado una compañía teatral que promete diversión para todos los pobladores. Pero cuando los artistas apenas han comenzado a anunciar su espectáculo, alguien roba unas joyas muy antiguas y valiosas del museo del lugar. Y a la hora de buscar a los ladrones, hay quienes sospechan de los recién llegados simplemente porque nadie los conoce. Por fortuna, no todos piensan así. |
| URL, URI, etc. | https://delnaranjo.com/producto/el-misterio-del-robo-en-el-museo/<br/>10/03/2026 |
| 521 ## - NOTA DE PÚBLICO DESTINATARIO | |
| Nota de audiencia | A partir de 9 años |
| 650 #7 - PUNTO DE ACCESO ADICIONAL DE MATERIA – TÉRMINO TEMÁTICO | |
| Enlace autoridades | 8 |
| Término de materia o nombre geográfico como elemento de entrada | LITERATURA INFANTIL |
| 650 #7 - PUNTO DE ACCESO ADICIONAL DE MATERIA – TÉRMINO TEMÁTICO | |
| Enlace autoridades | 312 |
| Término de materia o nombre geográfico como elemento de entrada | NOVELA POLICIAL |
| Subdivisión geográfica | Argentina |
| 942 ## - ELEMENTOS AGREGADOS (KOHA) | |
| CDU | Clasificación Decimal Dewey |
| Tipo de ítem | Libros |
| Disponible | Perdido | Fuente de clasificación | Estado | Ubicación permanente | Locación actual | Estante o sala | Fuente de adquisición | Número de inventario | Total préstamos | Signatura topográfica | Código de barras | Numero de ejemplar | Tipo de item de Koha | Calificador de localización códificado |
|---|---|---|---|---|---|---|---|---|---|---|---|---|---|---|
| Clasificación Decimal Dewey | Biblioteca Susana G. De Batemarco | Biblioteca Susana G. De Batemarco | Verde | donación editorial | 000651 | 82-312.4 KAU | 000651 | 1 | Libros |
